Squadre mai retrocesse in Serie C - Statistics

Statistiche generali
  • Questo quiz è stato fatto 115 volte
    29 dall'ultimo reset
  • Il punteggio medio è 6 su 7
Statistiche sulle risposte
Stagioni in Serie A Stagioni in Serie B Squadra % Corretto
93 0 Inter
96%
91 2 Milan
96%
92 1 Roma
92%
92 1 Juventus
88%
82 11 Lazio
88%
81 12 Torino
85%
66 14 Sampdoria
77%
Nessun quiz corrispondente trovato
Distribuzione punteggi
Percentuale di utenti per punteggio
Percentile per numero di risposta
I tuoi punteggi nel tempo
Non hai fatto questo quiz dall'ultimo reset